The Heart of Matter ; (Record no. 183764)
[ view plain ]
| 000 -LEADER | |
|---|---|
| fixed length control field | 00702 a2200181 4500 |
| 003 - CONTROL NUMBER IDENTIFIER | |
| control field | Nust |
| 005 - DATE AND TIME OF LATEST TRANSACTION | |
| control field | 20221012142352.0 |
| 020 ## - INTERNATIONAL STANDARD BOOK NUMBER | |
| International Standard Book Number | 065611047 |
| 040 ## - CATALOGING SOURCE | |
| Transcribing agency | Nust |
| 082 ## - DEWEY DECIMAL CLASSIFICATION NUMBER | |
| Classification number | 541.38,VIO |
| 100 ## - MAIN ENTRY--PERSONAL NAME | |
| Personal name | Viola,Vic |
| 9 (RLIN) | 100031 |
| 245 ## - TITLE STATEMENT | |
| Title | The Heart of Matter ; |
| Remainder of title | A nuclear chemistry module / |
| Statement of responsibility, etc. | Vic Viola |
| 260 ## - PUBLICATION, DISTRIBUTION, ETC. | |
| Place of publication, distribution, etc. | New York |
| Name of publisher, distributor, etc. | Harper |
| Date of publication, distribution, etc. | 1976 |
| 300 ## - PHYSICAL DESCRIPTION | |
| Extent | 112:P |
| 505 ## - FORMATTED CONTENTS NOTE | |
| Formatted contents note | Basic Properties of Matter (Page-14), The Makeup of our Solar System (Page-31), Nucleosynthesis and Stellar Evolution (Page-46), The Stages of Stellar Evolution (Page-51), Radioactive Decay (Page-69), The Man-Made Elements (Page-84), Mans Use of Radiation (Page-90). |
| 650 ## - SUBJECT ADDED ENTRY--TOPICAL TERM | |
| Topical term or geographic name entry element | The Heart of Matter |
| 9 (RLIN) | 100032 |
| 942 ## - ADDED ENTRY ELEMENTS (KOHA) | |
| Source of classification or shelving scheme | |
| Koha item type | Book |
| Withdrawn status | Lost status | Source of classification or shelving scheme | Damaged status | Not for loan | Permanent Location | Current Location | Shelving location | Date acquired | Full call number | Barcode | Date last seen | Price effective from | Koha item type | Public note |
|---|---|---|---|---|---|---|---|---|---|---|---|---|---|---|
| Military College of Signals (MCS) | Military College of Signals (MCS) | General Stacks | 12/12/2016 | 541.38,VIO | MCS6019 | 12/08/2016 | 12/12/2016 | Book | Almirah No.25, Shelf No.4 |
